Vida / (Record no. 42939)

MARC details
000 -LEADER
campo de control de longitud fija 00769nam a2200193 i 4500
001 - NÚMERO DE CONTROL
campo de control 42939
003 - IDENTIFICADOR DE NÚMERO DE CONTROL
campo de control ES-MaACL
005 - FECHA Y HORA DE LA ÚLTIMA TRANSACCIÓN
campo de control 20251015063055.0
007 - CAMPO FIJO DE DESCRIPCIÓN FÍSICA--INFORMACIÓN GENERAL
campo de control de longitud fija t|
008 - DATOS DE LONGITUD FIJA--INFORMACIÓN GENERAL
campo de control de longitud fija 030314s1892 sp ||||1| spa d
100 1# - ENTRADA PRINCIPAL--NOMBRE DE PERSONA
Nombre de persona Cellini, Benvenuto,
Fechas asociadas al nombre 1500-1571
9 (RLIN) 37369
245 10 - MENCIÓN DEL TÍTULO
Título Vida /
Mención de responsabilidad, etc. de Benvenuto Cellini (florentino) ; escrita por el mismo seguida de lágrimas puestas en versos castellanos ; primera versión española directa del toscano ; con prólogo, notas, apéndices y un índice sumarial por Luis Marco [Corera].
260 ## - PUBLICACIÓN, DISTRIBUCIÓN, ETC.
Lugar de publicación, distribución, etc. Madrid :
Nombre del editor, distribuidor, etc. Viuda de Hernando,
Fecha de publicación, distribución, etc. 1892.
300 ## - DESCRIPCIÓN FÍSICA
Extensión 2 v. ;
Dimensiones 18 cm.
600 14 - PUNTO DE ACCESO ADICIONAL DE MATERIA--NOMBRE DE PERSONA
Nombre de persona Cellini, Benvenuto,
Fechas asociadas al nombre 1500-1571
9 (RLIN) 37369
700 1# - ENTRADA AGREGADA--NOMBRE PERSONAL
Nombre de persona Marco Corera, Luis.
9 (RLIN) 76477
852 ## - LOCALIZACIÓN
Ubicación ES-MaACL
Número de control de estantería F-13038-39
Holdings
Estatus retirado Estado de pérdida Estado de daño No para préstamo Colección Biblioteca de origen Biblioteca actual Ubicación en estantería Fecha de adquisición Fuente de adquisición Total de préstamos Signatura topográfica completa Código de barras Visto por última vez Precio de reemplazo Tipo de ítem Koha
        Libros del s. XIX Biblioteca del Ateneo de Madrid Biblioteca del Ateneo de Madrid Sala Pecera Planta 2 17/01/2008     F-13038-39 1045196 23/02/2023 23/02/2023 Libro impreso antiguo